Places To Study

There are group study rooms, individual study carrels, computer labs, and other spaces to study in the Libraries.

Reserve A Group Room

Online Resources

Access thousands of eBooks, audiobooks, and online journals from the comfort of your home.

Explore Resources

Events and Workshops

Join our upcoming events and workshops to enhance your skills and knowledge.

View Events

Let's Travel / (Record no. 2652)

MARC details
000 -LEADER
fixed length control field 00788nam a22001937a 4500
003 - CONTROL NUMBER IDENTIFIER
control field OSt
005 - DATE AND TIME OF LATEST TRANSACTION
control field 20251202141745.0
008 - FIXED-LENGTH DATA ELEMENTS--GENERAL INFORMATION
fixed length control field 251202b |||||||| |||| 00| 0 eng d
040 ## - CATALOGING SOURCE
Transcribing agency DCL
041 ## - LANGUAGE CODE
Language code of text/sound track or separate title Myanmar and English
082 ## - DEWEY DECIMAL CLASSIFICATION NUMBER
Classification number ၄၂၈
100 0# - MAIN ENTRY--PERSONAL NAME
Personal name စိုးမြင့်၊
Titles and words associated with a name ဦး။
245 10 - TITLE STATEMENT
Title Let's Travel /
Statement of responsibility, etc. ဦးစိုးမြင့်။
260 ## - PUBLICATION, DISTRIBUTION, ETC.
Place of publication, distribution, etc. ရန်ကုန် ၊
Name of publisher, distributor, etc. လောကသစ်စာပေ၊
Date of publication, distribution, etc. ၂၀၀၆။
300 ## - PHYSICAL DESCRIPTION
Extent ၂၄၉ စာမျက်နှာ၊
Dimensions ၂၀ စင်တီ။
650 ## - SUBJECT ADDED ENTRY--TOPICAL TERM
Topical term or geographic name entry element အင်္ဂလိပ်စကားပြော
650 ## - SUBJECT ADDED ENTRY--TOPICAL TERM
Topical term or geographic name entry element အင်္ဂလိပ်ဘာသာစကား
General subdivision အသုံးအနှုန်း
942 ## - ADDED ENTRY ELEMENTS (KOHA)
Source of classification or shelving scheme Dewey Decimal Classification
Koha item type Short Term
Suppress in OPAC No
Holdings
Withdrawn status Lost status Source of classification or shelving scheme Damaged status Not for loan Collection Accession No. Home library Current library Shelving location Date acquired Total checkouts Full call number Barcode Date last seen Price effective from Koha item type
    Dewey Decimal Classification     Myanmar Collection ၃၂၃၇ Dhammadhara Dhammadhara Myanmar Shelves 02/12/2025   ၄၂၈ စိုး ၃၂၃၇ (၁) MB00003237 02/12/2025 02/12/2025 Short Term
    Dewey Decimal Classification     Myanmar Collection ၃၂၃၁(၄) Dhammadhara Dhammadhara Myanmar Shelves 02/12/2025   ၄၂၈ စိုး ၃၂၃၁ (၄) MB00003231 02/12/2025 02/12/2025 Short Term
    Dewey Decimal Classification     Myanmar Collection ၃၂၃၂ Dhammadhara Dhammadhara Myanmar Shelves 02/12/2025   ၄၂၈ စိုး ၃၂၃၂ (၅) MB00003232 02/12/2025 02/12/2025 Short Term
    Dewey Decimal Classification     Myanmar Collection ၃၂၃၄ (၃) Dhammadhara Dhammadhara Myanmar Shelves 02/12/2025   ၄၂၈ စိုး ၃၂၃၅ (၃) MB00003235 02/12/2025 02/12/2025 Short Term
    Dewey Decimal Classification     Myanmar Collection ၃၂၃၆ (၂) Dhammadhara Dhammadhara Myanmar Shelves 02/12/2025   ၄၂၈ စိုး ၃၂၃၆ (၂) MB00003236 02/12/2025 02/12/2025 Short Term